000 01126 a2200265 4500
001 43891
005 20260407155720.0
008 260407a2012 arg spa d
003 AR-UNSa-BCEJYS
040 _aAR-UNSa-BCEJYS
_bspa
_cAR-UNSa-BCEJYS
080 _a330.834
_xKeynes y el keynesianismo. Neokeynesianismo. Poskeynesianismo
245 1 0 _aKeynes, su tiempo y el nuestro
020 _a978-84-940161-0-3
264 1 _aMadrid :
_bEl hombre del tres
_c2012
300 _a382 p.
_c21 cm.
505 _a1. Maynard Keynes: una introducción - 2. Las consecuencias económicas de la guerra y la paz - 3. Auri sacra fames - 4. La lucha contra el paro y las restricciones del patrón oro - 5. Los años de la "Teoría contable" - 6. Los problemas de la guerra y los planes para la paz - 7. Keynes en su tiempo y desde el nuestro
041 _aspa
942 _cBK
590 _aniveau_biblio:m niveau_hierar:0
100 1 _aSegura, Julio
700 1 _aRojo, Luis Ángel
650 _aKEYNES
856 4 1 _uhttps://biblioeco.unsa.edu.ar/pmb/images/libros/L126838.jpg
_yImagen de portada
_qimage/jpeg
650 _a keynes
999 _c3747
_d3747